Southville International School and Colleges
Your cart is empty.
  • Cart
  • Lists
    Public lists Eva Luna New books Lux_list list_1
    Your lists Log in to create your own lists
  • Log in to your account
  • Your cookies
  • Search history
Southville International School and Colleges
  • Advanced search
  • Recent comments
  • Most popular
  • Libraries

Log in to your account

Log in with GOOGLE


If you do not have an external account, but do have a local account, you can still log in:

  1. Home
  2. MARC view: Risk management as applied to safety, security, and sanitation
Normal view MARC view ISBD view

Risk management as applied to safety, security, and sanitation (Record no. 365197)

[ view plain ]
MARC details
000 -LEADER
fixed length control field 00684nam a22002057a 4500
003 - CONTROL NUMBER IDENTIFIER
control field 0
005 - DATE AND TIME OF LATEST TRANSACTION
control field 20230824081835.0
008 - FIXED-LENGTH DATA ELEMENTS--GENERAL INFORMATION
fixed length control field 230824b xxu||||| |||| 00| 0 eng d
020 ## - INTERNATIONAL STANDARD BOOK NUMBER
International Standard Book Number 978-621-427-130-6
050 ## - LIBRARY OF CONGRESS CALL NUMBER
Classification number TX 911.3
Item number .So66 2023
100 ## - MAIN ENTRY--PERSONAL NAME
Personal name Somoray, Ana Marie M.
245 ## - TITLE STATEMENT
Title Risk management as applied to safety, security, and sanitation
Statement of responsibility, etc Ana Marie M. Somoray
260 ## - PUBLICATION, DISTRIBUTION, ETC. (IMPRINT)
Place of publication, distribution, etc Manila
Name of publisher, distributor, etc Unlimited Books Library Services & Publishing Inc.
Date of publication, distribution, etc c2023.
300 ## - PHYSICAL DESCRIPTION
Extent x, 188 pages :
Other physical details ill.
Dimensions 23 cm.
500 ## - GENERAL NOTE
General note Food risk management.
504 ## - BIBLIOGRAPHY, ETC. NOTE
Bibliography, etc Includes bibliographical references.
650 ## - SUBJECT ADDED ENTRY--TOPICAL TERM
Topical term or geographic name as entry element Food risk management.
650 ## - SUBJECT ADDED ENTRY--TOPICAL TERM
Topical term or geographic name as entry element Food sanitation.
942 ## - ADDED ENTRY ELEMENTS (KOHA)
Source of classification or shelving scheme Library of Congress Classification
Koha item type Books
Holdings
Withdrawn status Lost status Source of classification or shelving scheme Damaged status Home library Current library Shelving location Date acquired Source of acquisition Sub Shelving location Total Checkouts Full call number Barcode Date last seen Price effective from Koha item type
    Library of Congress Classification   College Library College Library Filipiniana Section 08/24/2023 Library Fund     TX 911.3 .So66 2023 C22881 08/24/2023 08/24/2023 Books

Risk management as applied to safety, security, and sanitation

APA

Somoray A. M. M., . (2023). Risk management as applied to safety, security, and sanitation. Manila: Unlimited Books Library Services & Publishing Inc.

Chicago

Somoray Ana Marie M, . 2023. Risk management as applied to safety, security, and sanitation. Manila: Unlimited Books Library Services & Publishing Inc.

Harvard

Somoray A. M. M., . (2023). Risk management as applied to safety, security, and sanitation. Manila: Unlimited Books Library Services & Publishing Inc.

MLA

Somoray Ana Marie M, . Risk management as applied to safety, security, and sanitation. Manila: Unlimited Books Library Services & Publishing Inc. 2023.

  • Place hold
  • Print
  • Cite
  • Add to your cart (remove)
  • Save record
    BIBTEX Dublin Core MARCXML MARC (non-Unicode/MARC-8) MARC (Unicode/UTF-8) MARC (Unicode/UTF-8, Standard) MODS (XML) RIS
  • More searches
    Search for this title in:
    Other Libraries (WorldCat) Other Databases (Google Scholar) Online Stores (Bookfinder.com) Open Library (openlibrary.org)

Exporting to Dublin Core...

SOUTHVILLE LIBRARY

Southville International School and Colleges Library

1281 Tropical Ave. Cor. Luxembourg St., BF Homes International, Las Pinas City

Tel. No. 8256374 / 252358 Loc. 117/146

Powered by Koha